| 000 | 00485ntaaa2200181 4500 | ||
|---|---|---|---|
| 003 | 01 | ||
| 005 | 20251027202811.0 | ||
| 008 | 0714s1973 ag 01 | ||
| 040 |
_aAR-BaBN _bspa _cAR-BaBN _eaacr _dRIC |
||
| 082 | _a888.0000 J43 | ||
| 100 | _aJenofonte | ||
| 245 | _aXenophontis, Expeditio Cyri | ||
| 250 | _a1 ed. | ||
| 260 |
_as.l. : _bB.G. Teubneri, _cc1915 |
||
| 300 | _a266 p, 290 p | ||
| 500 | _aDos libros en uno: Xenophontis en griego, y el diccionario en inglés | ||
| 942 | _cBK | ||
| 999 |
_c23373 _d23373 |
||